|
|
|
|
| LEADER |
00811nam a2200205 a 4500 |
| 001 |
23133 |
| 008 |
090519s1987 sz 000 0 eng d |
| 010 |
|
|
|a 88160724
|
| 020 |
|
|
|a 9241561017
|
| 040 |
|
|
|a DLC
|c DLC
|d DLC
|
| 050 |
0 |
0 |
|a IN PROCESS
|
| 082 |
0 |
0 |
|a 613.94
|2 19
|
| 245 |
0 |
0 |
|a Barrier contraceptives and spermicides :
|b their role in family planning care.
|
| 260 |
|
|
|a Geneva :
|b World Health Organization ;
|a Albany, NY :
|b WHO Publications Center USA [distributor],
|c 1987.
|
| 300 |
|
|
|a vii, 80 p. ;
|c 24 cm.
|
| 504 |
|
|
|a Includes bibliographical references.
|
| 541 |
1 |
|
|e 00004304
|
| 852 |
4 |
|
|a <add your library>
|j <shelf mark>
|
| 999 |
|
|
|c 820
|d 820
|
| 952 |
|
|
|0 0
|1 0
|2 ddc
|4 0
|6 613_940000000000000_WOR_1987
|7 0
|8 NFIC
|9 760
|a BRACUL
|b BRACUL
|c GEN
|d 2009-05-19
|g 725.00
|l 0
|o 613.94 WOR
|p 3010004304
|r 2009-05-19
|t 1
|w 2009-05-19
|y BK
|